Encyclopedia of general topology
Αποθηκεύτηκε σε:
| Άλλοι συγγραφείς: | , , |
|---|---|
| Μορφή: | Βιβλίο |
| Γλώσσα: | English |
| Δημοσίευση: |
Amsterdam ; Boston :
Elsevier/North-Holland,
2004
|
| Έκδοση: | 1st ed. |
| Θέματα: | |
| Ετικέτες: |
Προσθήκη ετικέτας
Δεν υπάρχουν, Καταχωρήστε ετικέτα πρώτοι!
|
MARC
| LEADER | 00000nam a2200000 i 4500 | ||
|---|---|---|---|
| 001 | 1/69912 | ||
| 008 | 080111s2004 ne ||| eng d | ||
| 020 | |a 0-444-50355-2 | ||
| 035 | |l 10093543 | ||
| 040 | |a GR-MY-UA |b gre |e aacr | ||
| 041 | 0 | |a eng | |
| 082 | 0 | |a 514.32203 |2 (22) | |
| 245 | 1 | 0 | |a Encyclopedia of general topology / |c edited by Klaas Pieter Hart, Jun-iti Nagata, and Jerry E. Vaughan ; associated editors Vitaly V. Fedorchuk ... [κ.ά.] |
| 250 | |a 1st ed. | ||
| 260 | |a Amsterdam ; Boston : |b Elsevier/North-Holland, |c 2004 | ||
| 300 | |a x, 526 σ.; |c 29 εκ. | ||
| 504 | |a Περιέχει βιβλιογραφικές παραπομπές και ευρετήριο | ||
| 650 | 0 | 0 | |a Topology |x Encyclopedias. |
| 700 | 1 | |a Hart, Klaas Pieter. |4 edt | |
| 700 | 1 | |a Nagata, Jun-iti |d 1925- |4 edt | |
| 700 | 1 | |a Vaughan, Jerry E. |4 edt | |
| 852 | |a INST |b SAMOS |e 20080111 |h 514.32203 ENC |p 005300027317 |q 005300027317 |t REF |y 23 | ||
| 901 | |a BIBL3-2008-1 | ||
| 909 | |a Σ |b 143538 | ||
| 922 | |a 3ΕΛΗ |b 200712 |c ΕΠΕΑΕΚ2/ΤΜΗΜΑ ΜΑΘΗΜΑΤΙΚΩΝ |d ΕΛΕΥΘΕΡΟΥΔΑΚΗΣ | ||
| 970 | |a ΡΟΥΣΣΟΥ |b ΚΩΝΣΤΑΝΤΙΝΑ |z 2008/01/11 | ||